Statistics for Famous Austrians by Picture

Click here to take the quiz!

General Stats

  • This quiz has been taken 209 times
  • The average score is 7 of 12

Answer Stats

Answer% Correct
Wolfgang Amadeus Mozart
96%
Sigmund Freud
90%
Franz Ferdinand
83%
Marie Antoinette
73%
Franz Joseph I
59%
Maria Theresa
48%
Falco
45%
Johann Strauss II
41%
Alexander Van der Bellen
37%
Gustav Klimt
37%
Dominic Thiem
36%
Kurt Waldheim
27%

Score Distribution

Percentile by Number Answered

Percent of People with Each Score

Your Score History

You have not taken this quiz